|
|
|
|
| LEADER |
01557nam a2200289 a 4500 |
| 001 |
15797366 |
| 008 |
091124s2008 bg ab b 001 0 eng d |
| 999 |
|
|
|c 5874
|d 5874
|
| 010 |
|
|
|a 2009346073
|
| 020 |
|
|
|a 9843000025625
|
| 040 |
|
|
|a DLC
|c DLC
|d DLC
|
| 082 |
|
|
|a 330.95492
|2 22
|
| 245 |
0 |
0 |
|a Commercial history of Dhaka /
|c edited by Delwar Hassan.
|
| 260 |
|
|
|a Dhaka :
|b Dhaka Chamber of Commerce and Industry,
|c 2008.
|
| 300 |
|
|
|a xi, 664 pages :
|b illustrations (some color), maps (some color) ;
|c 26 cm.
|
| 504 |
|
|
|a Includes bibliographical references and index.
|
| 520 |
|
|
|a Published on the occasion of the golden jubilee celebrations of Dacca Chamber of Commerc & Industry; contributed articles; covers the period, 17th to 20th century; publication is supported by IFC Bangladesh Investment Climate Fund.
|
| 541 |
1 |
|
|e 00018320
|
| 651 |
|
0 |
|a Dhaka (Bangladesh)
|x Commerce
|x History.
|9 26346
|
| 651 |
|
0 |
|a Dhaka (Bangladesh)
|x Economic conditions.
|9 26347
|
| 700 |
1 |
|
|a Hassan, Delwar.
|9 26348
|
| 710 |
2 |
|
|a Dacca Chamber of Commerce & Industry.
|9 26349
|
| 710 |
2 |
|
|a International Finance Corporation.
|b Bangladesh Investment Climate Fund.
|9 26350
|
| 852 |
4 |
|
|a Ayesha Abed Library
|j General Shelf
|
| 942 |
|
|
|2 ddc
|c BK
|
| 952 |
|
|
|0 0
|1 0
|2 ddc
|4 0
|6 330_954920000000000_COM_2008
|7 0
|9 5859
|a BRACUL
|b BRACUL
|c GEN
|d 2009-12-06
|g 1000.00
|l 3
|m 2
|o 330.95492 COM
|p 3010018320
|r 2019-12-12
|s 2019-11-25
|t 1
|w 2009-12-06
|y BK
|
| 952 |
|
|
|0 0
|1 0
|2 ddc
|4 0
|6 330_954920000000000_COM
|7 0
|9 43594
|a SCL
|b SCL
|c GEN
|d 2011-04-12
|g 600.00
|l 0
|o 330.95492 COM
|p 3020007544
|r 2014-09-01
|t 2
|w 2014-09-01
|y BK
|